Generovanie formulárov pre workflow management systém

Saved in:
Bibliographic Details
Main Author: Koháry, Richard, 1988- (Author)
Other Authors: Juhás, Gabriel, 1969- (Thesis advisor)
Format: Manuscript Book
Language:Slovak
Published: Bratislava : STU v Bratislave FEI, 2012
Subjects:
Online Access:VAIS
Tags: Add Tag
No Tags, Be the first to tag this record!

MARC

LEADER 00000ntm a22000003a 4500
001 stu252975
005 20150617230224.3
008 120721s2012----xo------------------slo-d
040 |a STU  |b slo 
041 0 |a slo 
044 |a xo 
100 1 |a Koháry, Richard,  |d 1988-  |4 aut  |u E  |T FEI Fakulta elektrotechniky a informatiky  |X 50777  |U E  |Y 30  |7 A000050777 
242 0 0 |a Generation of form for workflow management systems  |y eng 
245 1 |a Generovanie formulárov pre workflow management systém 
260 |a Bratislava :  |b STU v Bratislave FEI,  |c 2012 
300 |a 61 s  |c 3 príl. 
650 7 |a Applied Infromatics  |2 estusub 
650 7 |a dátový model  |2 stusub 
700 1 |a Juhás, Gabriel,  |d 1969-  |4 ths  |u E050  |U FEI Fakulta elektrotechniky a informatiky  |T FEI Ústav informatiky a matematiky  |X 4971  |U E050  |Y 816  |7 A000004971 
856 4 |a info a plný text  |u http://is.stuba.sk/zp/portal_zp.pl?podrobnosti=81483  |3 VAIS 
996 |b 284EP10135  |c E*DIPL-10135  |l EE35  |s P  |a 0  |w stu252975_0001